| 000 | 00000nas##2200000za#4500 |
| 001 | 9.504027 |
| 003 | CaOODSP |
| 005 | 20200325094504 |
| 007 | cr ||||||||||| |
| 008 | 150406c2000||||xxc|| p o||||f| |0fre|d |
| 022 | |a1497-1690 |
| 040 | |aCaOODSP|bfre |
| 043 | |an-cn--- |
| 086 | 1 |aSC91F-PDF |
| 110 | 1 |aCanada.|bCentre canadien de gestion. |
| 245 | 10|aCentre canadien de gestion - rapport annuel |h[ressource électronique] |
| 260 | |aOttawa - Ontario : |bCentre canadien de gestion |
| 310 | |aAnnuel |
| 362 | 1 |aJuillet 2000- |
| 691 | 07|aFonction publique|2gcpds |
| 691 | 07|aFormation|2gcpds |
| 691 | 07|aGestion|2gcpds |
| 775 | 08|tCanadian Centre for Management Development -- annual report |w(CaOODSP)9.507642 |